Basic & clinical pharmacology / (Record no. 124658)
[ view plain ]
| 000 -LEADER | |
|---|---|
| fixed length control field | 00788cas a2200265 a 4500 |
| 001 - CONTROL NUMBER | |
| control field | 11315504 |
| 005 - DATE AND TIME OF LATEST TRANSACTION | |
| control field | 20220212115913.0 |
| 008 - FIXED-LENGTH DATA ELEMENTS--GENERAL INFORMATION | |
| fixed length control field | 830110c19829999nyuhr 0 a0eng c |
| 020 ## - INTERNATIONAL STANDARD BOOK NUMBER | |
| International Standard Book Number | 9781264258635 |
| 040 ## - CATALOGING SOURCE | |
| Transcribing agency | PK-LaUMT |
| 082 00 - DEWEY DECIMAL CLASSIFICATION NUMBER | |
| Classification number | 615.1 |
| Edition number | 19 |
| Item number | BAS- |
| 245 00 - TITLE STATEMENT | |
| Title | Basic & clinical pharmacology / |
| Statement of responsibility, etc | edited by Bertram G. Katzung and Todd W. Vanderah |
| 250 ## - EDITION STATEMENT | |
| Edition statement | 15th ed. [141510 to 141519 pirated] |
| 260 ## - PUBLICATION, DISTRIBUTION, ETC. (IMPRINT) | |
| Place of publication, distribution, etc | New York : |
| Name of publisher, distributor, etc | McGraw-Hill, |
| Date of publication, distribution, etc | 2021 |
| 300 ## - PHYSICAL DESCRIPTION | |
| Extent | 1311 p. : |
| Other physical details | illustrations ; |
| Dimensions | 27 cm. |
| 650 #0 - SUBJECT ADDED ENTRY--TOPICAL TERM | |
| Topical term or geographic name as entry element | Pharmacology |
| 650 #0 - SUBJECT ADDED ENTRY--TOPICAL TERM | |
| Topical term or geographic name as entry element | Clinical pharmacology |
| 650 #7 - SUBJECT ADDED ENTRY--TOPICAL TERM | |
| Topical term or geographic name as entry element | Clinical pharmacology. |
| 650 #7 - SUBJECT ADDED ENTRY--TOPICAL TERM | |
| Topical term or geographic name as entry element | Pharmacology. |
| 650 17 - SUBJECT ADDED ENTRY--TOPICAL TERM | |
| Topical term or geographic name as entry element | Farmacologie. |
| 650 #2 - SUBJECT ADDED ENTRY--TOPICAL TERM | |
| Topical term or geographic name as entry element | Pharmacology. |
| 650 #2 - SUBJECT ADDED ENTRY--TOPICAL TERM | |
| Topical term or geographic name as entry element | Pharmacology, Clinical. |
| 700 1# - ADDED ENTRY--PERSONAL NAME | |
| Personal name | Katzung, Bertram G., |
| 942 ## - ADDED ENTRY ELEMENTS (KOHA) | |
| Koha item type | Books |
| Withdrawn status | Lost status | Damaged status | Home library | Current library | Date acquired | Full call number | Barcode | Date last seen | Price effective from | Koha item type | Copy number |
|---|---|---|---|---|---|---|---|---|---|---|---|
| UMT Health Sciences Campus | UMT Health Sciences Campus | 2021-11-12 | 615.1 BAS- | 139280 | 2025-01-24 | 2021-11-12 | Books | ||||
| UMT Health Sciences Campus | UMT Health Sciences Campus | 2022-02-12 | 615.1 BAS- | 141510 | 2025-05-30 | 2022-02-12 | Books | C.2 | |||
| UMT Health Sciences Campus | UMT Health Sciences Campus | 2022-02-12 | 615.1 BAS- | 141511 | 2022-02-12 | 2022-02-12 | Books | C.3 | |||
| UMT Health Sciences Campus | UMT Health Sciences Campus | 2022-02-12 | 615.1 BAS- | 141512 | 2022-02-12 | 2022-02-12 | Books | C.4 | |||
| UMT Health Sciences Campus | UMT Health Sciences Campus | 2022-02-12 | 615.1 BAS- | 141513 | 2022-02-12 | 2022-02-12 | Books | C.5 | |||
| UMT Health Sciences Campus | UMT Health Sciences Campus | 2022-02-12 | 615.1 BAS- | 141514 | 2022-02-12 | 2022-02-12 | Books | C.6 | |||
| UMT Health Sciences Campus | UMT Health Sciences Campus | 2022-02-12 | 615.1 BAS- | 141515 | 2022-02-12 | 2022-02-12 | Books | C.7 | |||
| UMT Health Sciences Campus | UMT Health Sciences Campus | 2022-02-12 | 615.1 BAS- | 141516 | 2022-02-12 | 2022-02-12 | Books | C.8 | |||
| UMT Health Sciences Campus | UMT Health Sciences Campus | 2022-02-12 | 615.1 BAS- | 141517 | 2025-06-02 | 2022-02-12 | Books | C.9 | |||
| UMT Health Sciences Campus | UMT Health Sciences Campus | 2022-02-12 | 615.1 BAS- | 141518 | 2022-02-12 | 2022-02-12 | Books | C.10 | |||
| UMT Health Sciences Campus | UMT Health Sciences Campus | 2022-02-12 | 615.1 BAS- | 141519 | 2023-12-04 | 2022-02-12 | Books | C.11 |
